000 00507nam a2200205Ia 4500
005 20240823041035.0
008 240823s9999||||xx |||||||||||||| ||und||
020 _a978-93-5097-759-0
041 _aENGLISH
082 _A336.24 Q3
100 _aSaha R G
245 0 _aIncome Tax Assessment Year 2013-14
250 _a1st
260 _c2013
_b"Himalaya Publishing House, M"
500 _aYES
650 _aIncome Tax
_bManagement Studies
700 _a Usha Devi N
942 _cBK
999 _c204548
_d204548